| 000 | 01723nam0a2200397 4500 | ||
|---|---|---|---|
| 001 | RU\NLR\bibl\189358 | ||
| 005 | 20260405144054.0 | ||
| 010 |
_a5-93762-003-8 _bВ пер. _93000 |
||
| 021 |
_aRU _b2001-4491 _9221 |
||
| 035 | _a(NLR Aleph) 000185892 | ||
| 090 |
_a1074088 _c1074088 |
||
| 100 | _a20010926d2000 |||y0rusy50 ca | ||
| 101 | 0 | _arus | |
| 102 | _aRU | ||
| 105 | _aag ||||||||| | ||
| 200 | 1 |
_aМузыкальное движение _eМетод. пособие для педагогов музык.-двигат. воспитания, работающих с детьми дошк. и мл. шк. возраста _fСтефанида Руднева, Эмма Фиш |
|
| 205 | _a2-е изд., перераб. и доп. | ||
| 210 |
_aСПб. _cГуманит. акад. _d2000 |
||
| 215 |
_a310,[10] с. _cил., ноты _d21 |
||
| 606 | 0 |
_aМузыкально-ритмическое воспитание _jМетодические пособия _91679168 _3RU\NLR\auth\66745375 |
|
| 606 | 0 |
_aРитмические движения _jМетодические пособия _91516296 _3RU\NLR\auth\66960633 |
|
| 610 | 0 | _aСценическое движение | |
| 610 | 0 | _aХореография | |
| 675 |
_a373:793.3 _v3 _zrus |
||
| 686 |
_a14.23 _2rugasnti |
||
| 686 |
_a74.1/.2 _2rubbk |
||
| 686 | _aЧ411.355.232 | ||
| 686 | _aЧ421.355.232 | ||
| 700 | 1 |
_4070 _8rus _7ca _aРуднева _bС. Д. _f1890-1989 _gСтефанида Дмитриевна _3RU\NLR\auth\7759719 _942650 |
|
| 701 | 1 |
_aФиш _gЭмма Михайловна _4070 |
|
| 801 | 0 |
_aRU _bRKP _c20010926 _gPSBO |
|
| 801 | 1 |
_aRU _bRKP _c20010926 |
|
| 801 | 2 |
_aRU _bNLR _c20071219 _grcr |
|
| 942 | _cBOOK | ||
| 980 | _aNB | ||